Pokémon - Attacken von Chillabell in KA/PU - Statistiken

Allgemein
  • Dieses Quiz wurde 3 mal gespielt
  • Das Durchschnittsergebnis liegt bei 35 aus 60
Antwortstatistiken
Antwort % Korrekt
Bodycheck
100%
Charme
100%
Donner
100%
Donnerblitz
100%
Erholung
100%
Fassade
100%
Klaps
100%
Kulleraugen
100%
Lehmschelle
100%
Raub
100%
Regentanz
100%
Risikotackle
100%
Rutenschlag
100%
Sonnentag
100%
Ausdauer
67%
Donnerwelle
67%
Eiskreisel
67%
Fokusstoß
67%
Gesang
67%
Hyperstrahl
67%
Kalte Dusche
67%
Kehrschelle
67%
Kehrtwende
67%
Kugelsaat
67%
Schaufler
67%
Schlafrede
67%
Strauchler
67%
Tera-Ausbruch
67%
Wegbereiter
67%
Zauberschein
67%
Abschlag
33%
Aufräumen
33%
Aufruhr
33%
Delegator
33%
Dreifach-Axel
33%
Dreschflegel
33%
Felswurf
33%
Galanterie
33%
Gedankengut
33%
Gigastoß
33%
Knuddler
33%
Lichtschild
33%
Lockstimme
33%
Mülltreffer
33%
Nassschweif
33%
Notsituation
33%
Rechte Hand
33%
Samenbomben
33%
Schallwelle
33%
Schleuder
33%
Schutzschild
33%
Slam
33%
Spaßkanone
33%
Stafette
33%
Sternschauer
33%
Superzahn
33%
Trugträne
33%
Widerhall
33%
Zuflucht
33%
Zugabe
33%
Keine übereinstimmenden Quizze gefunden
Verteilung der Resultate
Anzahl Personen mit jedem Resultat
Perzentil nach korrekt beantworteten Fragen
Ihre Resultats-Entwicklung
Sie haben dieses Quiz noch nicht gespielt